|
|
|
|
| LEADER |
00000cam a22000004a 4500 |
| 001 |
musev2_8495 |
| 003 |
MdBmJHUP |
| 005 |
20230905040947.0 |
| 006 |
m o d |
| 007 |
cr||||||||nn|n |
| 008 |
020125s2002 wiu o 00 0 eng d |
| 010 |
|
|
|z 2002001066
|
| 020 |
|
|
|a 9780299175832
|
| 020 |
|
|
|z 9780299175849
|
| 035 |
|
|
|a (OCoLC)835454285
|
| 040 |
|
|
|a MdBmJHUP
|c MdBmJHUP
|
| 043 |
|
|
|a n-us---
|
| 050 |
0 |
4 |
|a KF4775
|b .B6 2002
|
| 082 |
0 |
|
|a 363.3/1/0973
|2 21
|
| 100 |
1 |
|
|a Boyer, Paul S.
|
| 245 |
1 |
0 |
|a Purity in Print :
|b Book Censorship in America from the Gilded Age to the Computer Age /
|c Paul S. Boyer.
|
| 250 |
|
|
|a 2nd ed.
|
| 264 |
|
1 |
|a Madison, Wis. :
|b University of Wisconsin Press,
|c 2002.
|
| 264 |
|
3 |
|a Baltimore, Md. :
|b Project MUSE,
|c 2012
|
| 264 |
|
4 |
|c ©2002.
|
| 300 |
|
|
|a 1 online resource (518 pages):
|b ill., ports. ;
|
| 336 |
|
|
|a text
|b txt
|2 rdacontent
|
| 337 |
|
|
|a computer
|b c
|2 rdamedia
|
| 338 |
|
|
|a online resource
|b cr
|2 rdacarrier
|
| 504 |
|
|
|a Includes bibliographical references and index.
|
| 505 |
0 |
|
|a The vice societies in the nineteenth century -- The vice societies in the Progressive Era -- The First World War -- The first postwar clash-1918-22 -- The "Clean Books" crusade -- The latter 1920s -- "Banned in Boston" -- The onslaught against federal censorship -- The thirties -- The shifting rhythms of censorship from the 1950s to the 1970s -- 1980 to the present : symbolic crusades, embattled libraries, feminist interventions, new technologies.
|
| 588 |
|
|
|a Description based on print version record.
|
| 650 |
|
0 |
|a Obscenity (Law)
|z United States.
|
| 650 |
|
0 |
|a Censorship
|z United States
|x History.
|
| 655 |
|
7 |
|a Electronic books.
|2 local
|
| 710 |
2 |
|
|a Project Muse.
|e distributor
|
| 830 |
|
0 |
|a Book collections on Project MUSE.
|
| 856 |
4 |
0 |
|z Texto completo
|u https://projectmuse.uam.elogim.com/book/8495/
|
| 945 |
|
|
|a Project MUSE - Custom Collection
|
| 945 |
|
|
|a Project MUSE - Archive Complete Foundation
|
| 945 |
|
|
|a Project MUSE - Archive History Foundation
|